000 00254nam a2200109Ia 4500
008 220204s9999 xx 000 0 und d
082 _a82-3
_brob
100 _aDenise
245 0 _aUnlit fire
260 _aLondon
_bHodder and stoughton
_c1982
942 _cBK
999 _c37463
_d37463